000 00829cam a22002413a 4500
001 13460
003 PGUSA
005 20140828083305.0
008 040915s2004||||xxu|||||s|||||000 | eng d
040 _aPGUSA
_beng
042 _adc
050 4 _aBV
100 1 _aDods, Marcus,
_d1834-1909
245 1 0 _aHow to become like Christ
_h[electronic resource] /
_cMarcus Dods
260 _bProject Gutenberg,
_c2004
505 0 _aHow to Become Like Christ -- The Transfiguration -- Indiscreet Importunity -- Shame on Account of God's Displeasure -- Naaman Cured -- The Lame Man at the Temple Gate.
506 _aPublic domain in the USA.
516 _aElectronic text
653 _aChristian life -- Presbyterian authors
830 0 _aProject Gutenberg
_v13460
856 4 0 _uhttp://www.gutenberg.org/ebooks/13460
942 _cEB
999 _c242715
_d242715